| 000 | 00000nam##2200000za#4500 |
| 001 | 9.681801 |
| 003 | CaOODSP |
| 005 | 20200330071932 |
| 007 | ta |
| 008 | 150407|2002||||xxc||||| f|0| 0 fre|d |
| 020 | |a0-662-86965-6 |
| 040 | |aCaOODSP|bfre |
| 043 | |an-cn--- |
| 086 | 1 |aH39-611/2002-2F |
| 110 | 1 |aCanada.|bSanté Canada. |bDirection générale de la santé de la population et de la santé publique. |
| 245 | 10|aGuide d'activité physique canadien pour les enfants |
| 260 | |aOttawa - Ontario : |bSanté Canada. |c2002. |
| 300 | |a3p. ; |c28 cm. |
| 500 | |aL'information contenue dans cette publication à propos des lignes directrices en matière d'activité physique, n'est plus à jour. La Société canadienne de physiologie de l'exercice a diffusé le 24 janvier 2011 des nouvelles lignes directrices. Pour en savoir davantage sur les nouvelles lignes directices en matière d'activité physique et pour des conseils pour vous aider à intégrer l'activité physique dans un mode de vie sain, consultez le site Web de l'Agence de la santé publique du Canada (ASPC). |
| 563 | |aCouverture souple |
| 590 | |a02-24|b2002-06-14 |
| 691 | 07|aCondition physique|2gcpds |
| 691 | 07|aJeunesse|2gcpds |
| 775 | 08|tCanada's physical activity guide for children |w(CaOODSP)9.648519 |
| 776 | 0#|tGuide d'activité physique canadien pour les enfants |w(CaOODSP)9.638567 |